| Поле | Инд. | ПП | Название | Значение |
|---|---|---|---|---|
| Тип записи | a | |||
| Библиографический уровень | m | |||
| 001 | _ | Контрольный номер | RU\infra-m\znanium\bibl\1317775 | |
| 005 | _ | Дата корректировки | 20250915104101.9 | |
| 008 | Кодируемые данные | 210315s2021 RU g rus u | ||
| 020 | a | ISBN | 978-5-16-016895-1 | |
| 020 | a | ISBN | 978-5-16-107266-0 | |
| 040 | a | Служба первич. каталог. | Общество с ограниченной ответственностью «ЗНАНИУМ» | |
| 041 | a | Код языка текста | rus | |
| 044 | a | Код страны публикации | RU | |
| 080 | a | Индекс УДК | 338.27(075.8) | |
| 084 | 2 | Источник индекса | rubbk | |
| a | Индекс другой классификации/Индекс ББК | 65.05я73 | ||
| 084 | 2 | Источник индекса | okso | |
| a | Индекс другой классификации/Индекс ББК | 38.04.01 | ||
| 084 | 2 | Источник индекса | okso | |
| a | Индекс другой классификации/Индекс ББК | 38.04.02 | ||
| 100 | 1_ | a | Автор | Донцова Олеся Игоревна |
| q | Полное имя | Олеся Игоревна | ||
| 245 | a | Заглавие | Инновационная экономика | |
| b | Продолж. заглавия | Учебник | ||
| c | Ответственность | Финансовый университет при Правительстве Российской Федерации | ||
| 250 | a | Основные сведения об издании | 1 | |
| 260 | a | Место издания | Москва | |
| b | Издательство | ООО "Научно-издательский центр ИНФРА-М" | ||
| c | Дата издания | 2021 | ||
| 300 | a | Объем | 217 с. | |
| 520 | a | Аннотация | В учебном пособии излагаются теоретические и методологические основы формирования инновационной экономики. Рассматриваются особенности государственного регулирования инновационных процессов, глобализация и трансформация экономики, связь инновационной деятельности со стратегическим управлением и другие важные сферы инновационной экономики. Приводятся особенности создания и управления кластерами, технопарками, особыми экономическими зонами, показывается их роль в формировании инновационной экономики. | |
| 521 | a | Примеч. о целев. назн. | ВО - Магистратура | |
| 650 | a | Основная рубрика | Управление (менеджмент) | |
| x | Основная подрубрика | Инновационный менеджмент. Интеллектуальная организация | ||
| 852 | x | Примечание, не предназначенное для пользователя | znanium2022 | |
| 856 | 4_ | a | Имя сервера/домена | znanium.com |
| m | Помощь | ebs_support@infra-m.ru | ||
| n | Местонахождение сервера | НИЦ ИНФРА-М | ||
| u | URL | http://znanium.com/catalog/document?id=375192 | ||
| z | Примечание для пользователя | Участвует в КО | ||
| 856 | 41 | a | Имя сервера/домена | znanium.com |
| d | Путь | /cover/1317 | ||
| f | Электронное имя | 1317775.jpg | ||
| q | Тип электронного формата | image/jpeg | ||
| u | URL | https://znanium.com/cover/1317/1317775.jpg |